Elektrická konduktivita taveninových elektrolytov diplomová práca

Gespeichert in:
Bibliographische Detailangaben
1. Verfasser: Bršťák, Miloš
Format: Buch
Sprache:Slowakisch
Veröffentlicht: Bratislava STU FCHPT 2013
Online-Zugang:Im OPAC anzeigen
Tags: Tag hinzufügen
Keine Tags, Fügen Sie das erste Tag hinzu!

MARC

LEADER 00000nam a2200000 a 4500
005 20260127134322.0
008 130710 2013 000 0 slo d
035 |a vtls010526191 
039 9 |a 201307100843  |b mschk03  |y 201307100836  |z mschk03 
040 |a STUSCHK1  |b slo  |c STUSCHK1  |e AACR2 
100 1 |a Bršťák, Miloš 
245 1 |a Elektrická konduktivita taveninových elektrolytov  |b diplomová práca  |c Miloš Bršťák 
260 |a Bratislava  |b STU FCHPT  |c 2013 
300 |a 44 s.  |b ill.  |c 30 cm 
500 |a Obhájené: 10.06.2013 
500 |a Štud. program: chemické technológie 
500 |a Miesto vyprac.: Oddelenie anorganickej technológie FCHPT STU 
500 |a Evidenčné číslo: FCHPT-5439-50710 
910 |a SCHK95 
999 |c 9666  |d 9666